Cardiovascular activities of Andrographis paniculata and its diterpenoid constituents /
Saved in:
| 主要作者: | |
|---|---|
| 格式: | Thesis 圖書 |
| 語言: | English |
| 出版: |
1998.
|
| 主題: | |
| 標簽: |
添加標簽
沒有標簽, 成為第一個標記此記錄!
|
| LEADER | 00884cam a2200253 a 4500 | ||
|---|---|---|---|
| 001 | u431848 | ||
| 003 | SIRSI | ||
| 008 | 981123s1998 si v 00 1 eng m | ||
| 035 | |a ACG-1358 | ||
| 040 | |a UMM | ||
| 090 | |a RM345 |b Zha | ||
| 100 | 1 | 0 | |a Zhang, Chun Yi. |
| 245 | 1 | 0 | |a Cardiovascular activities of Andrographis paniculata and its diterpenoid constituents / |c by Zhang Chun Yi. |
| 260 | |c 1998. | ||
| 300 | |a v, 141 leaves : |b ill. ; |c 30 cm. | ||
| 502 | |a Thesis (Ph.D.) -- National University of Singapore, 1998. | ||
| 504 | |a Bibliography: leaves 127-141. | ||
| 650 | 0 | |a Hypotensive agents |x Physiological effect | |
| 650 | 0 | |a Diterpenes | |
| 650 | 0 | |a Medicinal plants |x Composition | |
| 650 | 0 | |a Cardiovascular system |x Diseases |x Chemotherapy. | |
| 948 | |a 23/11/1998 |b 29/12/1998 | ||
| 596 | |a 1 | ||
| 999 | |a RM345 ZHA |w LC |c 1 |i A508367977 |d 19/3/2002 |l STACKS |m P01UTAMA |n 6 |r Y |s Y |t TESIS |u 7/1/1999 | ||
